Music Quiz

Random Music or Lyrics Quiz

Figure Out the Beatles Lyrics 2 Quiz Stats

 Plays Quiz not verified by Sporcle

Challenge
Share
Tweet
Embed
Score 0/83 Timer 10:00
0 Plays Today
% Correct
I
98.7%
I
98.7%
I
98.7%
a
98.4%
a
98.4%
and
98.4%
a
98.4%
and
98.4%
a
98.4%
a
98.4%
a
98.4%
and
98.4%
a
98.4%
you
90.7%
you
90.7%
to
79.4%
to
79.4%
to
79.4%
to
79.4%
do
70.7%
do
70.7%
do
70.7%
your
68.7%
when
66.9%
there
63%
there
63%
there
63%
there
63%
% Correct
will
61.6%
will
61.6%
will
61.6%
was
60.4%
was
60.4%
was
60.4%
was
60.4%
not
57.4%
not
57.4%
not
57.4%
get
51.7%
get
51.7%
get
51.7%
get
51.7%
way
50.9%
way
50.9%
way
50.9%
way
50.9%
Once
49.2%
Once
49.2%
once
49.2%
once
49.2%
back
44.8%
back
44.8%
back
44.8%
back
44.8%
sing
44.2%
sing
44.2%
% Correct
sing
44.2%
home
42.6%
home
42.6%
cry
41.5%
cry
41.5%
cry
41.5%
lullaby
39.5%
lullaby
39.5%
lullaby
39.5%
Sleep
38.1%
sleep
38.1%
sleep
38.1%
darling
38%
darling
38%
darling
38%
eyes
34.3%
pretty
34.2%
pretty
34.2%
pretty
34.2%
homeward
32.5%
homeward
32.5%
Golden
30.9%
slumbers
30.9%
fill
30.2%
rise
27.2%
awake
26%
smiles
25.8%

You're not logged in!

Compare scores with friends on all Sporcle quizzes.
Join for Free
OR
Log In

You Might Also Like...

Show Comments

Extras

Created Jun 21, 2010ReportNominate
Tags:Lyrics Quiz

Top Quizzes Today


Score Distribution

Your Account Isn't Verified!

In order to create a playlist on Sporcle, you need to verify the email address you used during registration. Go to your Sporcle Settings to finish the process.

Report this User

Report this user for behavior that violates our Community Guidelines.

Details: